000 nam a22 7a 4500
999 _c50411
_d50411
003 OSt
005 20210128103753.0
008 210128b xxu||||| |||| 00| 0 eng d
040 _cIIMT COLLEGE OF POLYTECHNIC
100 _aBISHTA, T.D.
245 _aPLC, MICROCONTROLLER & SCADA (E)
260 _aMUZAFFARNAGAR
_bASIANPUBLICATION
_c2020
300 _a244
942 _2ddc
_c02